Standards for Design of Water Resource Recovery Facilities - WEF Standard 8-23 - WEF Manual of Practice No. 8 Series

Saved in:
Bibliographic Details
Main Author Federation, Water Environment
Format Electronic eBook
LanguageUndetermined
Published Water Environment Federation 2023
Subjects
Online AccessFull text
ISBN9781523155729
1523155728
9781572784383
Physical Description1 online resource

Cover

LEADER 00000nam a22000003u 4500
001 kn-on1408532734
003 OCoLC
005 20240717213016.0
006 m o d
007 cr cn|||||||||
008 231108s2023 xx o 000 u und d
040 |a OCLKB  |b eng  |e pn  |c OCLKB 
020 |a 9781523155729 
020 |a 1523155728 
020 |z 9781572784383 
035 |a (OCoLC)1408532734 
100 1 |a Federation, Water Environment 
245 1 0 |a Standards for Design of Water Resource Recovery Facilities - WEF Standard 8-23 - WEF Manual of Practice No. 8 Series 
264 1 |b Water Environment Federation  |c 2023 
300 |a 1 online resource 
336 |a text  |b txt  |2 rdacontent 
337 |a computer  |b c  |2 rdamedia 
338 |a online resource  |b cr  |2 rdacarrier 
506 |a Plný text je dostupný pouze z IP adres počítačů Univerzity Tomáše Bati ve Zlíně nebo vzdáleným přístupem pro zaměstnance a studenty 
590 |a Knovel  |b Knovel (All titles) 
655 7 |a elektronické knihy  |7 fd186907  |2 czenas 
655 9 |a electronic books  |2 eczenas 
856 4 0 |u https://proxy.k.utb.cz/login?url=https://app.knovel.com/hotlink/toc/id:kpSDWRRFW7/standards-for-design?kpromoter=marc  |y Full text